Traduire ces mots français en anglais - Statistiques

Statistiques générales
  • Ce quiz a été pris 6 257 fois
  • Le résultat moyen est 8 sur 10
Statistiques - réponses
Français Anglais % Correct
Bonjour Hello/Hi/Good morning
100%
Oui Yes
100%
Poisson Fish
99%
Gauche Left
95%
Jaune Yellow
93%
Ordinateur Computer
76%
Derrière Behind
67%
Boulangerie Bakery
61%
Poubelle Bin
49%
Gare Train Station
32%
Aucun quiz correspondant
Distribution des résultats
% des personnes avec chaque résultat
Percentile par nombre de réponses
Votre historique - résultats
Vous n’avez pas pris ce quiz